000 00871nam a2200265Ia 4500
003 OSt
005 20220930085220.0
006 a|||||r|||| 00| 0
007 ta
008 220926b |||||||| |||| 00| 0 eng d
024 _a94357
037 _cTheses
040 _aCRL
_cCRL
_beng
041 _2eng
_aeng
100 _aBhateja Ruchika
_9539735
110 _aUniversity of Delhi. Faculty of Medical Sciences. Department of Obstetrics and Gynaecology
245 0 _aFetomaternal outcome in eclampsia
260 _c2007
650 _aWOMEN - DISEASES
700 _a Dr. Gurcharan Kaur Gu.
_9537033
700 _a Dr. Susham Lata Au.
_9539736
700 _aUniversity of Delhi. Faculty of Medical Sciences. Department of Obstetrics and Gynaecology
942 _cDIS
_2CC
999 _c878560
_d878560